| 000 | 01089nam1a2200313 i 4500 | ||
|---|---|---|---|
| 001 | RU\NLR\bibl\1985641 | ||
| 005 | 20241103055722.0 | ||
| 035 | _a(NLR Aleph) 001974265 | ||
| 090 |
_a3999174 _c3999174 |
||
| 100 | _a20130110g20129999u y0rusy50 ca | ||
| 101 | 0 | _arus | |
| 102 | _aRU | ||
| 105 | _a||||z ||||| | ||
| 200 | 1 |
_aЖенщины Оленька _fП.П. Боекова |
|
| 210 |
_aЯкутск _cБичик _d2012 |
||
| 215 | _d21 | ||
| 225 | 1 | _aОленек | |
| 225 | 1 | _aБиблиотека истории Оленекского эвенкийского национального района | |
| 309 | _aКн. 1 вышла ненумер. | ||
| 463 | 0 | _10011978296 | |
| 606 |
_aЖенщины _jБиографии _xИстория _yЯкутия _z1950 - 1970-ые гг. _92131147 _3RU\NLR\auth\661589771 |
||
| 686 | _aТ3(2Р-6Я)73-297 | ||
| 700 | 1 |
_aБоекова _bП. П. _gПолина Петровна _4070 |
|
| 801 | 0 |
_aRU _bNLR _c20130110 _gRCR |
|
| 801 | 1 |
_aRU _bNLR _c20130110 |
|
| 852 |
_aNLR _j2012-3/37423 |
||
| 942 | _cBOOK | ||
| 980 | _aNBR | ||